| 000 | 00000nam 22000008a 4500 |
| 001 | 9.839068 |
| 003 | CaOODSP |
| 005 | 20221107151527 |
| 007 | cr ||||||||||| |
| 008 | 170913s1979 onc o| f000 0 eng d |
| 040 | |aCaOODSP|beng |
| 043 | |an-cn-- |
| 086 | 1 |aR5-304/1979E-PDF |
| 100 | 1 |aGreiner, Andrew. |
| 245 | 10|aProgress report on the development of the IIA Capital Program evaluation |h[electronic resource] / |cAndrew Greiner. |
| 260 | |a[Ottawa] : |bProgram Evaluation Branch, |c1979. |
| 300 | |a[93] p. |
| 500 | |a"May, 1979." |
| 500 | |aThis is a draft copy of the report. |
| 500 | |aDigitized edition from print [produced by Indigenous and Northern Affairs Canada]. |
| 504 | |aIncludes bibliographical references. |
| 520 | |aThis report focuses on an evaluation of the IIA Capital Program's effectiveness and fiscal responsibility. |
| 692 | 07|2gccst|aFederal programs |
| 692 | 07|2gccst|aProgram review |
| 710 | 1 |aCanada. |bIndian and Northern Affairs Canada. |
| 856 | 40|qPDF|s4.61 MB|uhttps://publications.gc.ca/collections/collection_2017/aanc-inac/R5-304-1979-eng.pdf |